00308nam a22001337a 4500003000400000008004100004020001800045082001500063100001700078245003500095250001100130260002500141300000800166OSt240412b |||||||| |||| 00| 0 eng d a9789389845426 a006.31 BHM aBHASIN,Harsh aMachine Learning for Beginners a1st Ed aNew DelhibBPBc2024 a244